000 00954nam a2200241 a 4500
001 2008095
003 AM-YEHGA
005 20250617165017.0
008 250213m1898 ru |||||||||||||||0|rus|d
040 _aAM-YeHGA
041 1 _arus
_hger
100 1 _aБельшовский, Альберт,
_d1847-1902
245 1 0 _aГете :
_bЕго жизнь и произведения /
_cА. Бельшовский ; Пер. О.А. Рохмановой под ред. Петра Вейнберга.
260 _aСанкт-Петербург :
_bЛ.Ф. Пантелеев,
_c1898-1908.
300 _a2 т.
505 0 0 _gТ. 1 (1898, 439 с.)
_gТ. 2 (1908, 639 с.)
650 1 4 _aЛитературоведеие
700 1 _aВейнберг, Петр Исаевич,
_d1831-1908
_eред.
700 1 _aРохманова, О.А.
_eпер.
700 1 _aГёте, Иоганн Вольфганг,
_d1749-1832
942 _2udc
_cBK
090 _c572172
999 _c533187
_d533187